000 00353 a2200145 4500
001 62211
020 _a
040 _cAnchieta - Pituba
240 1 0 _aLiteratura alemã contemporânea
_lpor
245 1 0 _aLiteratura alemã contemporânea
300 _a50
362 0 _a2009
650 4 _aLínguas germânicas (teutônicas) língua alemã
942 _cBK
999 _c62211
_d62211